مختار الحكم ومحاسن الكلم/ (Record no. 6724)
[ view plain ]
| 000 -LEADER | |
|---|---|
| fixed length control field | 00647nac a22001451u 4500 |
| 008 - FIXED-LENGTH DATA ELEMENTS--GENERAL INFORMATION | |
| fixed length control field | 080901s1980 le|||||r||| 000 0 ra d |
| 082 ## - DEWEY DECIMAL CLASSIFICATION NUMBER | |
| Classification number | 182 |
| Item number | ف ا ت |
| Edition number | 22 |
| 240 ## - UNIFORM TITLE | |
| Uniform title | <a href="Los Bocados de Oro (Mujtar Al-Hikam)">Los Bocados de Oro (Mujtar Al-Hikam)</a> |
| Language of a work | Arabic |
| 245 ## - TITLE STATEMENT | |
| Title | مختار الحكم ومحاسن الكلم/ |
| Statement of responsibility, etc | أبي الوفاء المبشر بن فاتك؛ حققه وقدم له وعلق عليه عبد الرحمن بدوي |
| 260 ## - PUBLICATION, DISTRIBUTION, ETC. (IMPRINT) | |
| Place of publication, distribution, etc | بيروت: |
| Name of publisher, distributor, etc | المؤسسة العربية للدراسات والنشر، 1980 |
| Date of publication, distribution, etc | 1980. |
| 300 ## - PHYSICAL DESCRIPTION | |
| Extent | 372 ؛ص |
| Dimensions | 24 سم |
| 511 ## - PARTICIPANT OR PERFORMER NOTE | |
| Participant or performer note | Catalogued by: Sara |
| 541 ## - IMMEDIATE SOURCE OF ACQUISITION NOTE | |
| Source of acquisition | الف باء ؛ |
| 942 ## - ADDED ENTRY ELEMENTS (KOHA) | |
| Item type | Book - Borrowing |
| Call number prefix | 182 ف ا ت |
| Source of classification or shelving scheme | Dewey Decimal Classification |
| Withdrawn status | Item status | Source of classification or shelving scheme | Damaged status | Not for loan | Vendor | Home library | Current library | Shelving location | Date acquired | Source of acquisition | Total Checkouts | Full call number | Barcode | Date last seen | Koha item type |
|---|---|---|---|---|---|---|---|---|---|---|---|---|---|---|---|
| Dewey Decimal Classification | Alef-Baa | Central Library | Central Library | Lower Floor | 02/12/2007 | 182 الآ | 000008377 | 15/07/2025 | Book - Borrowing |